00265nam a2200109Ia 4500008004100000100001900041245003800060260001900098260000900117546001200126999001700138170619s9999 xx 000 0 und d aBerson / Smith 0aData Warehousing Data Mining OLAP bNew Delhi: TMH c2004 aENGLISH c16773d16773